FNAF Characters Quiz! - Statistics

General Stats
  • This quiz has been taken 884 times
    824 since last reset
  • The average score is 56 of 192
Answer Stats
Hint Answer % Correct
UCN Dee Dee
99%
Bonnie
94%
Chica
94%
Foxy
93%
Golden Freddy
84%
FNAF 1 Freddy Fazbear
75%
Balloon Boy
69%
Mangle
68%
The Marionette
67%
Nightmare
66%
Toy Chica
66%
FNAF 2 Toy Freddy
66%
Scraptrap
65%
FNAF 3 Springtrap
65%
Toy Bonnie
65%
FNAF SL Circus Baby
60%
Fredbear
59%
William Afton
59%
Nightmare Bonnie
58%
Nightmare Chica
58%
FNAF 4 Nightmare Freddy
58%
Cupcake
57%
Nightmare Foxy
57%
Withered Bonnie
57%
Withered Chica
57%
Withered Freddy
57%
Withered Foxy
55%
Ballora
54%
Funtime Foxy
54%
Funtime Freddy
54%
Phantom Freddy
53%
FNAF SB Glamrock Freddy
52%
Phantom Chica
52%
Phone Guy
52%
Roxanne Wolf
51%
Phantom Foxy
50%
RWQFSFASXB
50%
Shadow Freddy
50%
Glamrock Chica
49%
Montgomery Gator
49%
Ennard
48%
Jay-Jay
48%
Michael Afton
48%
Phantom Balloon Boy
48%
Nightmarionne
47%
Crying Child
46%
Jack-O-Chica
46%
Nightmare Fredbear
46%
Phantom Marionette
46%
Endoskeleton 01
45%
Lefty
45%
Phantom Mangle
45%
FNAF 4Halloween Jack-O-Bonnie
44%
Nightmare Balloon Boy
43%
Plushtrap
43%
Scrap Baby
43%
FFPS Rockstar Freddy
42%
Bon-Bon
41%
Nightmare Mangle
41%
Rockstar Bonnie
41%
Rockstar Chica
41%
Spring Bonnie
41%
Vanny
41%
FNAF:VR Glitchtrap
40%
Gregory
40%
Funtime Chica
39%
Rockstar Foxy
39%
Withered Golden Freddy
39%
Elizabeth Afton
37%
Lolbit
37%
Molten Freddy
37%
Music Man
37%
Bidybabs
36%
Endoskeleton 02
36%
Jeremy
36%
Mr Hippo
35%
Vanessa
35%
Bonnet
34%
Freddles
34%
Happy Frog
34%
Mike Schmidt
34%
Minireenas
34%
Nightmare Cupcake
34%
Henry Emily
33%
Electrobab
32%
Glamrock Bonnie
32%
Fritz
31%
Helpy
31%
Moon
31%
Sun
31%
Charlie Emily
30%
Toy Cupcake
30%
Burntrap
29%
Cassidy
29%
Nedd Bear
29%
Orville Elephant
29%
Yenndo
29%
Pigpatch
28%
El Chip
27%
Dreadbear
26%
Susie
26%
DJ Music Man
25%
Map STAFF Bot
25%
The Mimic
24%
Cassie
23%
Gabriel
23%
Jack-O-Lantern
22%
Phantom Cupcake
22%
The Blob
22%
Eclipse
20%
Old Man Consequences
20%
Candy Cadet
19%
Mr. Hugs
19%
Security Puppet
19%
Grimm Foxy
18%
Jeremy Fitzgerald
18%
No. 1 Crate
18%
Mr. Can-Do
17%
Pan Stan
17%
XOR
17%
Bucket Bob
16%
Hand Unit
15%
Funtime Cupcake
12%
Glamrock Endo
12%
Shattered Monty
12%
Shattered Roxy
11%
FNAF:AR Freddy Frostbear
10%
Fritz Smith
10%
Liberty Chica
10%
Shattered Glamrock Chica
10%
Nightmare Endoskeleton
9%
8-Bit Baby
8%
Chocolate Bonnie
8%
Dark Freddy
8%
Helpi
8%
Neon Bonnie
8%
Shamrock Freddy
8%
VR Toy Freddy
8%
Bonnie Bully
7%
Burnt Foxy
7%
Chica Bully
7%
Easter Bonnie
7%
Freddy Bully
7%
Neon Chica
7%
Plushbabies
7%
FNAF SB Ruin DLC Prototype Glamrock Freddy
7%
Shadow Mangle
7%
Firework Freddy
6%
Highscore Toy Chica
6%
Mr. Cupcake
6%
Party Freddy
6%
Radioactive Foxy
6%
Rockstar Parrot
6%
System Error Toy Bonnie
6%
Toxic Springtrap
6%
Blacklight Freddy
5%
Broiler Baby
5%
Clown Springtrap
5%
Curse
5%
Flaming Springtrap
5%
Magician Mangle
5%
Ringmaster Foxy
5%
The Entity
5%
Withered Roxy
5%
Black Heart Bonnie
4%
Black Ice Frostbear
4%
Blacklight Bonnie
4%
Blacklight Chica
4%
Blacklight Foxy
4%
Boulder Toy Bonnie
4%
Flamethrower Bare Endo
4%
Frostbite Balloon Boy
4%
Heartsick Baby
4%
Scorching Chica
4%
Serpent Mangle
4%
Swamp Balloon Boy
4%
Withered Glamrock Chica
4%
Withered Monty
4%
Woodland Toy Freddy
4%
Arctic Ballora
3%
Catrina Toy Chica
3%
Coffee
3%
Frost Plushtrap
3%
Plushkins
3%
Scrap Plushbabies
3%
Burnt Freddles
2%
Guard STAFF Bot
2%
Sewer STAFF Bot
2%
Wet Floor Sign Bot
2%
Laser Tag STAFF Bot
1%
Prototype Music Man
1%
Tampered STAFF Bot
1%
No matching quizzes found
Score Distribution
Percent of People with Each Score
Percentile by Number Answered
Your Score History
You have not taken this quiz since the last reset